Top 100 Joueurs de tennis ATP en Master 1000 depuis 1990 - Statistiques

Statistiques générales
  • Ce quiz a été pris 114 fois
    57 depuis la dernière actualisation
  • Le résultat moyen est 58 sur 101
Statistiques - réponses
Pays Points Jetpunk
M1000
Nb V M1000 Nb F M1000 Nb DF M1000 Nb QF M1000 Joueur % Correct
SRB 457 40 20 20 17 Novak DJOKOVIC
100%
ESP 425 36 17 23 23 Rafael NADAL
100%
SUI 365 28 22 16 21 Roger FEDERER
100%
GBR 182 14 7 12 18 Andy MURRAY
97%
GER 110 7 5 11 12 Alexander ZVEREV
92%
UKR 41 4 1 0 5 Andrei MEDVEDEV
92%
RUS 85 6 4 6 9 Daniil MEDVEDEV
92%
FRA 31 0 3 4 11 Gael MONFILS
92%
SUI 45 1 3 5 15 Stanislas WAWRINKA
92%
ESP 81 1 6 11 27 David FERRER
90%
ITA 69 5 4 4 5 Jannik SINNER
90%
USA 188 17 5 10 12 Andre AGASSI
87%
ESP 80 8 1 3 6 Carlos ALCARAZ
87%
FRA 52 2 2 5 18 Jo Wilfried TSONGA
87%
USA 158 11 8 12 14 Pete SAMPRAS
87%
GRE 67 3 4 9 9 Stefanos TSITSIPAS
87%
AUT 32 1 2 4 8 Dominic THIEM
85%
RUS 61 5 3 1 7 Marat SAFIN
85%
USA 93 5 4 11 15 Andy RODDICK
82%
CRO 31 1 0 4 15 Marin CILIC
82%
FRA 33 0 3 5 11 Richard GASQUET
82%
BRA 74 5 5 4 6 Gustavo KUERTEN
79%
ARG 46 1 3 8 10 Martin DEL POTRO
79%
USA 27 1 0 6 7 Taylor FRITZ
79%
GER 77 5 6 4 5 Boris BECKER
77%
NOR 33 1 2 6 5 Casper RUUD
77%
DEN 29 1 3 2 5 Holger RUNE
77%
BUL 44 1 2 9 10 Grigor DIMITROV
74%
SWE 19 1 0 2 7 Robin SODERLING
74%
RUS 44 2 4 3 6 Andrei RUBLEV
72%
CAN 20 0 2 2 8 Felix AUGER ALIASSIME
72%
ESP 54 4 2 5 4 Juan Carlos FERRERO
72%
JPN 43 0 4 7 13 Kei NISHIKORI
72%
POL 36 2 1 3 10 Hubert HURKACZ
69%
AUS 64 2 5 12 4 Lleyton HEWITT
69%
CZE 76 1 3 15 26 Tomas BERDYCH
69%
ARG 50 2 4 5 8 David NALBANDIAN
67%
CAN 13 0 1 4 1 Denis SHAPOVALOV
67%
FRA 23 0 2 4 7 Gilles SIMON
67%
RUS 44 3 0 5 10 Nikolay DAVYDENKO
67%
SWE 79 4 5 9 9 Stefan EDBERG
67%
USA 46 1 4 8 6 John ISNER
64%
RUS 24 1 1 4 4 Karen KHACHANOV
64%
RSA 16 0 0 2 12 Kevin ANDERSON
64%
AUT 85 8 2 4 5 Thomas MUSTER
64%
ESP 57 3 3 6 9 Carlos MOYA
62%
FRA 21 1 2 1 3 Cedric PIOLINE
62%
USA 70 5 0 9 12 Jim COURIER
62%
ITA 17 1 0 2 5 Fabio FOGNINI
59%
USA 14 1 0 1 4 Jack SOCK
59%
CHI 66 5 2 6 6 Marcelo RIOS
59%
ESP 16 1 0 2 4 Pablo CARRENO BUSTA
59%
AUS 42 2 4 3 4 Patrick RAFTER
59%
RUS 53 0 5 13 7 Yevgeny KAFELNIKOV
59%
USA 13 1 0 0 5 Ben SHELTON
56%
CAN 46 0 4 8 14 Milos RAONIC
56%
FRA 22 1 1 4 2 Sebastien GROSJEAN
56%
CRO 60 2 5 6 12 Goran IVANISEVIC
54%
ARG 42 2 5 1 4 Guillermo CORIA
54%
FRA 31 2 3 1 1 Guy FORGET
54%
BEL 20 0 1 4 8 David GOFFIN
51%
USA 92 7 2 9 10 Michael CHANG
51%
ESP 15 0 1 3 5 Roberto BAUTISTA AGUT
51%
ESP 45 2 3 4 9 Sergi BRUGUERA
49%
ESP 39 2 3 3 5 Alex CORRETJA
46%
GBR 15 1 1 0 3 Jack DRAPER
46%
CZE 36 1 2 4 12 Petr KORDA
46%
GER 33 1 1 6 9 Tommy HAAS
46%
ESP 33 1 2 5 7 Albert COSTA
44%
CRO 22 1 1 2 6 Borna CORIC
44%
USA 23 0 4 2 3 Mardy FISH
44%
GER 39 2 1 6 7 Michael STICH
44%
NED 48 2 4 1 14 Richard KRAJICEK
44%
SWE 46 3 1 5 8 Thomas ENQVIST
44%
ESP 18 0 1 1 12 Fernando VERDASCO
41%
SWE 15 1 0 1 5 Thomas JOHANSSON
41%
GBR 37 1 3 4 9 Tim HENMAN
41%
CHI 25 0 2 6 5 Fernando GONZALEZ
36%
CRO 38 1 3 3 12 Ivan LJUBICIC
36%
AUS 21 1 1 1 7 Mark PHILIPPOUSSIS
36%
ESP 27 1 0 4 11 Tommy ROBREDO
36%
FRA 18 0 0 3 12 Fabrice SANTORO
31%
RSA 40 2 1 5 10 Wayne FERREIRA
31%
GBR 20 1 1 2 4 Greg RUSEDSKI
28%
USA 18 0 2 1 8 James BLAKE
28%
CZE 20 0 2 4 4 Radek STEPANEK
28%
ESP 17 0 0 4 9 Feliciano LOPEZ
26%
ESP 20 1 1 3 2 Felix MANTILLA
26%
ROM 19 1 1 1 5 Andrei PAVEL
23%
ESP 21 1 0 4 5 Emilio SANCHEZ
23%
ARG 16 1 1 2 0 Guillermo CANAS
23%
SVK 13 0 2 0 5 Dominik HRBATY
21%
USA 17 0 1 3 7 Todd MARTIN
21%
ECU 13 0 0 4 5 Nicolas LAPENTTI
18%
RUS 31 2 3 0 3 Andrei CHESNOKOV
15%
CZE 14 0 1 4 2 Jiri NOVAK
15%
SWE 16 0 1 4 4 Jonas BJORKMAN
13%
USA 14 0 2 2 2 MaliVai WASHINGTON
13%
GER 15 0 1 3 5 Nicolas KIEFER
13%
GER 14 0 1 3 4 Rainer SCHUTTLER
13%
SWE 13 0 1 1 7 Magnus GUSTAFSSON
10%
Aucun quiz correspondant
Distribution des résultats
% des personnes avec chaque résultat
Percentile par nombre de réponses
Votre historique - résultats
Vous n’avez pas pris ce quiz depuis la dernière actualisation